Największe kraje według powierzchni - Statystyki

Ogólne statystyki
  • Ten quiz został rozwiązany 371 razy
  • Średni wynik to 16 z 20
Statystyki odpowiedzi
Powierzchnia Kraj % Poprawnych
17,098,242 Rosja
100%
9,640,821 Chiny
98%
9,984,670 Kanada
98%
9,526,468 Stany Zjednoczone
98%
8,514,877 Brazylia
96%
2,780,400 Argentyna
92%
7,692,024 Australia
92%
3,287,590 Indie
91%
1,964,375 Meksyk
87%
2,724,900 Kazachstan
86%
1,564,110 Mongolia
79%
2,381,741 Algieria
76%
2,149,690 Arabia Saudyjska
74%
2,344,858 Demokratyczna Republika Konga
74%
1,904,569 Indonezja
70%
1,648,195 Iran
67%
1,886,068 Sudan
63%
1,759,540 Libia
57%
1,285,216 Peru
52%
1,284,000 Czad
47%
Nie znaleziono quizów pasujących do podanych kryteriów
Rozkład punktacji
Procent ludzi z każdym wynikiem
Percentyl według liczby udzielonych odpowiedzi
Twoja historia wyników
Nie rozwiązałeś tego quizu